|
|
|
|
| LEADER |
00000nam0a2200000 4500 |
| 001 |
254234 |
| 005 |
20231101232921.0 |
| 010 |
|
|
|a 5020107433
|
| 020 |
|
|
|a RU
|b 89-56341
|
| 035 |
|
|
|a (RuTPU)RU\TPU\book\276666
|
| 090 |
|
|
|a 254234
|
| 100 |
|
|
|a 20140319d1989 k a0rusy5003 ca
|
| 101 |
0 |
|
|a rus
|
| 102 |
|
|
|a RU
|
| 105 |
|
|
|a y z 001zy
|
| 200 |
1 |
|
|a Военно-техническая политика США в 80-е годы
|f Академия наук СССР (АН СССР), Институт США и Канады (ИСК) ; под ред. А. А. Кокошина, А. А. Коновалова
|
| 210 |
|
|
|a Москва
|c Наука
|d 1989
|
| 215 |
|
|
|a 207 с.
|c схем.
|
| 320 |
|
|
|a Библиогр. в примеч. в конце разделов.
|
| 606 |
1 |
|
|a Внешняя политика США
|2 stltpush
|3 (RuTPU)RU\TPU\subj\2634
|9 31175
|
| 610 |
1 |
|
|a военная доктрина
|
| 610 |
1 |
|
|a военная экономика
|
| 610 |
1 |
|
|a милитаризм
|
| 610 |
1 |
|
|a США
|
| 610 |
1 |
|
|a вооруженные силы
|
| 610 |
1 |
|
|a ядерные силы
|
| 610 |
1 |
|
|a модернизация
|
| 686 |
|
|
|a ф4(7сша)
|2 rubbk
|
| 702 |
|
1 |
|a Кокошин
|b А. А.
|4 340
|
| 702 |
|
1 |
|a Коновалов
|b А. А.
|4 340
|
| 712 |
0 |
2 |
|a Академия наук СССР (АН СССР)
|b Институт США и Канады (ИСК)
|c (Москва)
|2 stltpush
|3 (RuTPU)RU\TPU\col\4141
|
| 801 |
|
0 |
|a RU
|b RuMRKP
|c 19960704
|g psbo
|
| 801 |
|
1 |
|a RU
|b 63413507
|c 20140319
|
| 801 |
|
2 |
|a RU
|b 63413507
|c 20140704
|g RCR
|
| 942 |
|
|
|c BK
|